000 00751nam a2200217 i 4500
001 92399
003 ES-MaACL
005 20230906180949.0
007 t|
008 050307s1967 sp ||||1| spa d
100 1 _aLinares, Juan de.
_972336
245 1 0 _aSan José en la filatelia :
_b[centenario Asociación Espiritual de Devotos de San José : I Exposición Filatélica Josefina, Barcelona, 17 al 19 de marzo de 1967] /
_cJuan de Linares.
260 _a[Barcelona :
_bEmeuve,
_c1967]
300 _a62 p. :
_bil. ;
_c22 cm.
490 1 _aLa corneta
600 0 4 _aJosé,
_cSanto-
_vSellos de correos.
_9171994
650 _aSellos de correos.
_917031
830 1 _aLa corneta
_9181505
852 _aES-MaACL
_jC-31861
999 _c92399
_d92399